000 00698am a2200277a 44500
003 AR-BaBNM
005 20251128211137.0
008 172120s1985 #AR|||||||||||000 | esp||
020 _a84-7291-978-3
040 _cAR-BaBNM
100 1 _aStruve, V.V.
245 1 0 _aHistoria de la antigua Grecia
_nII
260 _aMadrid
_bSarpe
_c1985
300 _a303 p.
490 0 _aBiblioteca de la historia
_vv. 69
650 4 _aHISTORIA POLITICA
650 4 _aHISTORIA DE LAS IDEAS
650 4 _aHISTORIA ANTIGUA
650 4 _aHISTORIA SOCIAL
650 4 _aDEMOCRACIA
650 4 _aHISTORIA EUROPEA
650 4 _aHISTORIA ECONOMICA
651 4 _aGrecia
942 _cBK
998 _cmariana
999 _c18433
_d18433